| 000 | 00000nam 2200000zi 4500 |
| 001 | 9.915254 |
| 003 | CaOODSP |
| 005 | 20250107144057 |
| 006 | m o d f |
| 007 | cr cn||||||||| |
| 008 | 220908t20232023oncad os f000 0 eng d |
| 020 | |a9780660453972 |
| 040 | |aCaOODSP|beng|erda|cCaOODSP |
| 043 | |an-cn--- |
| 086 | 1 |aCS11-627/2022-55E-PDF |
| 245 | 00|aMedia consumption in Canada : |bare Canadians in the know? |
| 264 | 1|a[Ottawa] : |bStatistics Canada = Statistique Canada, |c[2023] |
| 264 | 4|c©2023 |
| 300 | |a1 online resource (1 unnumbered page) : |billustrations, graphs |
| 336 | |atext|btxt|2rdacontent |
| 337 | |acomputer|bc|2rdamedia |
| 338 | |aonline resource|bcr|2rdacarrier |
| 500 | |aCaption title. |
| 500 | |aIssued also in French under title: La consommation des médias au Canada : les canadiennes et les canadiens sont-ils bien informés? |
| 520 | |a"Following the news is an activity that more than half of the Canadians do on a daily basis. There are different ways to follow news and current affairs. Using data from the 2020 General Social Survey on Social Identity, this infographic explores five different news sources: newspapers, magazines, television, radio and the Internet"--Page 1. |
| 650 | 0|aTelevision broadcasting of news|zCanada|vStatistics. |
| 650 | 0|aOnline journalism|zCanada|vStatistics. |
| 655 | 7|aStatistics|2lcgft |
| 710 | 2 |aStatistics Canada, |eissuing body. |
| 775 | 08|tLa consommation des médias au Canada : |w(CaOODSP)9.915253 |
| 856 | 40|qPDF|s518 KB|uhttps://publications.gc.ca/collections/collection_2023/statcan/11-627-m/11-627-m2022055-eng.pdf |
| 856 | 4 |qHTML|sN/A|uhttps://www150.statcan.gc.ca/n1/pub/11-627-m/11-627-m2022055-eng.htm |
| 986 | |a11-627-M |